| Tag |
First Indicator |
Second Indicator |
Subfields |
| LEADER |
00000pam a2200000 a 4500 |
| 001 |
in00000099284 |
| 005 |
20150924160134.0 |
| 008 |
811117s1982 maua b 10000 eng |
| 010 |
|
|
|a 80008926
|
| 020 |
|
|
|a 0669044067
|
| 035 |
|
|
|a (OCoLC)07998547
|
| 035 |
|
|
|9 AAL0161AM
|
| 039 |
0 |
|
|a 2
|b 3
|c 3
|d 3
|e 3
|
| 040 |
|
|
|a DLC
|c DLC
|d TXA
|d UtOrBLW
|
| 049 |
|
|
|a TXAM
|c [1117152]
|
| 050 |
0 |
0 |
|a R724
|b .S394 1982
|
| 082 |
0 |
|
|a 174/.2
|2 19
|
| 245 |
0 |
0 |
|a Science and morality :
|b new directions in bioethics /
|c edited by Doris Teichler-Zallen, Colleen D. Clements.
|
| 264 |
|
1 |
|a Lexington, Mass. :
|b Lexington Books,
|c [1982]
|
| 264 |
|
4 |
|c ©1982
|
| 300 |
|
|
|a xviii, 293 pages :
|b illustrations ;
|c 24 cm.
|
| 336 |
|
|
|a text
|b txt
|2 rdacontent
|
| 337 |
|
|
|a unmediated
|b n
|2 rdamedia
|
| 338 |
|
|
|a volume
|b nc
|2 rdacarrier
|
| 500 |
|
|
|a Papers from 3 annual conferences beginning Spring 1979 and sponsored by Nazareth College of Rochester.
|
| 504 |
|
|
|a Includes bibliographical references.
|
| 650 |
|
0 |
|a Medical ethics
|v Congresses.
|
| 650 |
|
0 |
|a Bioethics
|v Congresses.
|
| 700 |
1 |
|
|a Teichler-Zallen, Doris.
|
| 700 |
1 |
|
|a Clements, Colleen D.
|
| 710 |
2 |
|
|a Nazareth College of Rochester.
|
| 999 |
|
|
|a MARS
|
| 999 |
f |
f |
|s cff98c9b-a4bc-3163-b28d-a573b7b0849e
|i f9e6b972-26fb-3959-8391-bce131368d18
|t 0
|
| 952 |
f |
f |
|p ric
|a Texas A&M University
|b Rellis Campus
|c Joint Library Facility
|d Remote Storage
|t 0
|e R724 .S394 1982
|h Library of Congress classification
|i unmediated -- volume
|m A14806047332
|
| 998 |
f |
f |
|a R724 .S394 1982
|t 0
|l Remote Storage
|